[Event "Paris-ch op-B 87th"]
[Site "Paris"]
[Date "2012.07.09"]
[Round "3"]
[White "Eden, James"]
[Black "Chanoine, Guillaume"]
[Result "1-0"]
[WhiteElo "2129"]
[BlackElo "2297"]
[PlyCount "55"]
[EventDate "2012.07.07"]
[EventType "swiss"]
[EventRounds "9"]
[EventCountry "FRA"]
[SourceTitle "EXT 2013"]
[Source "ChessBase"]
[SourceDate "2012.11.22"]
[SourceVersion "1"]
[SourceVersionDate "2012.11.22"]
[SourceQuality "1"]

1. e4 e5 2. Nf3 Nc6 3. d4 exd4 4. Nxd4 Nf6 5. Nc3 Bc5 6. Be3 Bb6 7. Nf5 Bxe3 8. Nxe3 0-0 9. Qd2 Re8 10. f3 a6 11. 0-0-0 b5 12. g4 d6 13. h4 Rb8 14. h5 b4 15. Ncd5 Nxd5 16. Nxd5 Ne7 17. h6 Nxd5 18. hxg7 Qf6 19. exd5 Qxf3 20. Bd3 Qe3 21. Rxh7 Qxd2+ 22. Kxd2 Re5 23. Rdh1 Rxd5 24. Rh8+ Kxg7 25. R1h7+ Kf6 26. Rf8 b3 27. axb3 Rxd3+ 28. cxd3 1-0

[Event "Paris-ch op-B 87th"]
[Site "Paris"]
[Date "2012.07.08"]
[Round "2"]
[White "Chanoine, Guillaume"]
[Black "Horvath, Reka"]
[Result "1-0"]
[WhiteElo "2297"]
[BlackElo "2067"]
[PlyCount "101"]
[EventDate "2012.07.07"]
[EventType "swiss"]
[EventRounds "9"]
[EventCountry "FRA"]
[SourceTitle "EXT 2013"]
[Source "ChessBase"]
[SourceDate "2012.11.22"]
[SourceVersion "1"]
[SourceVersionDate "2012.11.22"]
[SourceQuality "1"]

1. e4 c5 2. d4 cxd4 3. c3 d3 4. Bxd3 d6 5. f4 Nf6 6. Nf3 g6 7. 0-0 Bg7 8. Kh1 Ng4 9. Qe1 h5 10. h3 Nh6 11. Be3 Nc6 12. Nbd2 Bd7 13. a4 Qc7 14. Qf2 f5 15. Nh4 0-0-0 16. Bxa7 Bf6 17. Nhf3 Ng4 18. Qb6 Nxa7 19. Qxa7 Bc6 20. exf5 gxf5 21. Bxf5+ Bd7 22. Qa8+ Qb8 23. Qxb8+ Kxb8 24. Bxd7 Rxd7 25. hxg4 hxg4+ 26. Kg1 gxf3 27. Rxf3 e5 28. fxe5 Bxe5 29. Kf2 d5 30. Nb3 Bc7 31. Nd4 Bb6 32. Rd1 Rg7 33. Rd2 Rh2 34. Kg1 Rgh7 35. Rf5 Rh1+ 36. Kf2 Ra1 37. b3 Rc1 38. Rf3 Rhh1 39. Ke2 Rhg1 40. Kd3 Rb1 41. Rf8+ Kc7 42. Nb5+ Kd7 43. Rf7+ Kc8 44. Nd6+ Kd8 45. Nxb7+ Ke8 46. Nd6+ Kd8 47. b4 d4 48. Re2 Rge1 49. Rxe1 Rxe1 50. Nc4 dxc3 51. Nxb6 1-0

[Event "Cap d'Agde CCAS op"]
[Site "Cap d'Agde"]
[Date "2010.10.25"]
[Round "3"]
[White "Chanoine, Guillaume"]
[Black "Chabanon, Jean Luc"]
[Result "0-1"]
[WhiteElo "2311"]
[BlackElo "2457"]
[PlyCount "90"]
[EventDate "2010.10.23"]
[EventType "swiss"]
[EventRounds "7"]
[EventCountry "FRA"]
[SourceTitle "EXT 2012"]
[Source "ChessBase"]
[SourceDate "2011.11.24"]
[SourceVersion "1"]
[SourceVersionDate "2011.11.24"]
[SourceQuality "1"]

1. e4 d6 2. d4 g6 3. Nc3 Bg7 4. f4 a6 5. Nf3 b5 6. a3 Bb7 7. Bd3 Nd7 8. e5 c5 9. Be4 Bxe4 10. Nxe4 cxd4 11. Qxd4 dxe5 12. Qb4 Rc8 13. Qb3 Qc7 14. 0-0 Qxc2 15. Qxc2 Rxc2 16. Nc3 exf4 17. Rd1 Bxc3 18. bxc3 Ngf6 19. a4 0-0 20. axb5 axb5 21. Rb1 Nc5 22. Rxb5 Nce4 23. Nd4 Rd8 24. Re1 Rxc3 25. Ne2 Rcd3 26. Bxf4 Rd1 27. Rb1 Rxe1+ 28. Rxe1 Nh5 29. Bc1 f5 30. h3 Kf7 31. g4 Nhf6 32. Rf1 e6 33. Be3 Rd3 34. Bf4 Rxh3 35. g5 Nd5 36. Ra1 Nxf4 37. Ra7+ Ke8 38. Nxf4 Rh4 39. Nxe6 Rg4+ 40. Kf1 Nxg5 41. Nxg5 Rxg5 42. Rxh7 Rg4 43. Kf2 Re4 44. Kf3 Re7 45. Rh8+ Kf7 0-1

[Event "Avoine op 25th"]
[Site "Avoine"]
[Date "2010.07.23"]
[Round "7"]
[White "Chanoine, Guillaume"]
[Black "Shirazi, Kamran"]
[Result "1/2-1/2"]
[WhiteElo "2276"]
[BlackElo "2428"]
[PlyCount "157"]
[EventDate "2010.07.17"]
[EventType "swiss"]
[EventRounds "9"]
[EventCountry "FRA"]
[SourceTitle "EXT 2011"]
[Source "ChessBase"]
[SourceDate "2010.11.26"]
[SourceVersion "1"]
[SourceVersionDate "2010.11.26"]
[SourceQuality "1"]

1. e4 c5 2. Nf3 e6 3. d4 cxd4 4. Nxd4 a6 5. c4 Nf6 6. Nc3 Qc7 7. Bd3 Bb4 8. 0-0 Bxc3 9. bxc3 d6 10. f4 Nbd7 11. Qf3 b6 12. e5 Bb7 13. exd6 Qb8 14. Qe2 0-0 15. Be3 Qxd6 16. Rad1 Rfe8 17. Nf3 Qc7 18. Bd4 Qxf4 19. Ne5 Qg5 20. Nxd7 Nxd7 21. Be3 Qe7 22. Bxh7+ Kxh7 23. Qd3+ f5 24. Qxd7 Rac8 25. Rd4 Be4 26. Qxe7 Rxe7 27. Bg5 Rec7 28. Bf4 Rxc4 29. Rxc4 Rxc4 30. Be5 Bd5 31. Bd4 g5 32. a3 b5 33. g3 Ra4 34. Bc5 Kg6 35. Rd1 Rc4 36. Bd4 Rc7 37. Ra1 Rh7 38. Be5 Bb3 39. Rb1 Ba4 40. Rb4 Rb7 41. Rd4 Bb3 42. Rd8 f4 43. g4 Kf7 44. Rh8 Bc2 45. Rh5 Rd7 46. Rxg5 Rd1+ 47. Kf2 Rd2+ 48. Kf3 Rxh2 49. Rg7+ Kf8 50. Ra7 Bd1+ 51. Kxf4 Re2 52. Ra8+ Ke7 53. Ra7+ Ke8 54. Ra8+ Kd7 55. Ra7+ Kc8 56. Rg7 Rc2 57. Re7 Rg2 58. Rg7 a5 59. g5 Rg4+ 60. Ke3 Bc2 61. Bf6 Bf5 62. Ra7 Ra4 63. Be7 Kb8 64. Rd7 Rc4 65. Bf6 Rg4 66. Re7 Ra4 67. Be5+ Kc8 68. Rc7+ Kd8 69. Bd6 Rxa3 70. Kd4 b4 71. cxb4 Rd3+ 72. Kc5 axb4 73. Rg7 b3 74. Be7+ Kc8 75. Bf6 Rd2 76. Kb6 Rd6+ 77. Kc5 Rd5+ 78. Kb6 Rd6+ 79. Kc5 1/2-1/2

[Event "Paris-ch op-A"]
[Site "Paris"]
[Date "2009.07.05"]
[Round "2"]
[White "Chanoine, Guillaume"]
[Black "Delabre, Tony"]
[Result "1-0"]
[WhiteElo "2271"]
[BlackElo "2076"]
[PlyCount "125"]
[EventDate "2009.07.04"]
[EventType "swiss"]
[EventRounds "9"]
[EventCountry "FRA"]
[SourceTitle "EXT 2010"]
[Source "ChessBase"]
[SourceDate "2010.11.25"]
[SourceVersion "1"]
[SourceVersionDate "2010.11.25"]
[SourceQuality "1"]

1. e4 e5 2. Nf3 Nc6 3. Bb5 f5 4. d3 fxe4 5. dxe4 Nf6 6. 0-0 Bc5 7. Qe2 d6 8. Qc4 Qe7 9. Nc3 Bd7 10. Nd5 Nxd5 11. exd5 Nd4 12. Bxd7+ Qxd7 13. Nxe5 dxe5 14. Qxc5 b6 15. Qc4 0-0-0 16. c3 Nf5 17. Bg5 Rde8 18. a4 Kb7 19. a5 Nd6 20. Qa2 Ra8 21. Be3 Qb5 22. a6+ Kc8 23. Rfe1 Nc4 24. Bg5 h6 25. Bh4 Kd7 26. b3 Nd6 27. c4 Qc5 28. Qe2 g5 29. Bg3 Nf7 30. Qg4+ Kd8 31. Qf3 Ke7 32. Qf5 Qd6 33. Bxe5 Nxe5 34. Rad1 Raf8 35. Rxe5+ Kd8 36. Qe4 Rf4 37. Qe3 Rhf8 38. Re1 Rxf2 39. Re8+ Kd7 40. Qh3+ R8f5 41. R1e7+ Qxe7 42. Rxe7+ Kxe7 43. Qe3+ Kd6 44. h3 Rf1+ 45. Kh2 Re5 46. Qd3 Rff5 47. Qd1 Kc5 48. Qh5 Rf6 49. Qd1 Rf2 50. Kg3 Ree2 51. Kg4 Rf4+ 52. Kh5 Rh4+ 53. Kg6 Rxg2 54. d6 cxd6 55. Qd5+ Kb4 56. Qxg2 Kxb3 57. Qb7 Kxc4 58. Qxa7 Rxh3 59. Qc7+ Kb4 60. Qc2 Ra3 61. Qb2+ Rb3 62. Qd2+ Kb5 63. a7 1-0

[Event "Montpellier op"]
[Site "Montpellier"]
[Date "2007.07.10"]
[Round "4"]
[White "Krzesaj, Robert"]
[Black "Chanoine, Guillaume"]
[Result "1-0"]
[WhiteElo "2323"]
[BlackElo "2296"]
[PlyCount "115"]
[EventDate "2007.12.26"]
[EventType "swiss"]
[EventRounds "7"]
[EventCountry "FRA"]
[SourceTitle "CBM 119 Extra"]
[Source "ChessBase"]
[SourceDate "2007.09.04"]
[SourceVersion "1"]
[SourceVersionDate "2007.09.04"]
[SourceQuality "1"]

1. Nf3 Nf6 2. g3 g6 3. b3 Bg7 4. Bb2 0-0 5. Bg2 d6 6. d4 c5 7. c4 cxd4 8. Nxd4 a6 9. 0-0 Qc7 10. Nc3 e6 11. Rc1 Rd8 12. Qd3 Nc6 13. Nd5 exd5 14. cxd5 Ne5 15. Rxc7 Nxd3 16. exd3 Ne8 17. Rc2 Bd7 18. Re1 Rac8 19. Rec1 Rxc2 20. Rxc2 Rc8 21. Rxc8 Bxc8 22. Kf1 Kf8 23. Ke2 b5 24. Ke3 Bb7 25. Ba3 Ke7 26. Bb4 Nc7 27. Nc6+ Kd7 28. Ba5 Nxd5+ 29. Bxd5 Bxc6 30. Bxf7 Ke7 31. Bg8 h6 32. Bb6 Bb2 33. Bd4 Bc1+ 34. Ke2 g5 35. Bc3 g4 36. Bd2 Bf3+ 37. Ke3 Bxd2+ 38. Kxd2 d5 39. Ke3 b4 40. Bh7 Bd1 41. Bf5 a5 42. Kf4 Kf6 43. Bxg4 Bc2 44. Ke3 Bb1 45. Kd2 Bxa2 46. Kc2 a4 47. bxa4 d4 48. Bf3 Be6 49. Bb7 Ke7 50. f4 Kd6 51. Be4 Kc5 52. f5 Bf7 53. g4 Be8 54. Kb3 Bf7+ 55. Kb2 Be8 56. a5 Kb5 57. h4 Kxa5 58. g5 1-0

[Event "Bois Colombes op 2nd"]
[Site "Bois Colombes"]
[Date "2005.12.26"]
[Round "6"]
[White "Chanoine, Guillaume"]
[Black "Thellier, Francis"]
[Result "1-0"]
[WhiteElo "2233"]
[BlackElo "2043"]
[PlyCount "67"]
[EventDate "2005.12.21"]
[EventType "swiss"]
[EventRounds "6"]
[EventCountry "FRA"]
[SourceTitle "EXT 2007"]
[Source "ChessBase"]
[SourceDate "2006.11.23"]
[SourceVersion "1"]
[SourceVersionDate "2006.11.23"]
[SourceQuality "1"]

1. e4 d6 2. d4 Nf6 3. Nc3 g6 4. f4 Bg7 5. Nf3 0-0 6. Bd3 Na6 7. 0-0 c5 8. d5 Qa5 9. Kh1 Nb4 10. Be2 b5 11. e5 dxe5 12. fxe5 Ng4 13. a3 Nxe5 14. Bf4 Nxf3 15. axb4 Qxb4 16. Rxf3 Bg4 17. Rf1 Bxe2 18. Nxe2 Qxb2 19. Rb1 Qa2 20. Rxb5 Qc4 21. Rb3 a5 22. Bc1 a4 23. Rd3 e5 24. Rc3 Qa6 25. Ba3 Rfd8 26. Qd2 e4 27. Rxc5 e3 28. Qd1 Bf8 29. Rc7 Bxa3 30. Rfxf7 Bb2 31. c3 Qb6 32. Rg7+ Kh8 33. Rxh7+ Kg8 34. Rcg7+ 1-0

[Event "Thorigny op 1st "]
[Site "Thorigny"]
[Date "2005.03.??"]
[Round "?"]
[White "Janev, Evgeni"]
[Black "Chanoine, Guillaume"]
[Result "1-0"]
[WhiteElo "2441"]
[BlackElo "2224"]
[PlyCount "59"]
[EventDate "2005.03.17"]
[EventType "swiss"]
[EventRounds "7"]
[EventCountry "FRA"]
[SourceTitle "EXT 2007"]
[Source "ChessBase"]
[SourceDate "2006.11.23"]
[SourceVersion "1"]
[SourceVersionDate "2006.11.23"]
[SourceQuality "1"]

1. e4 c5 2. Nf3 d6 3. d4 cxd4 4. Nxd4 Nf6 5. Nc3 Nc6 6. g3 e6 7. Bg2 Bd7 8. 0-0 a6 9. a4 Be7 10. Nb3 0-0 11. f4 Nb4 12. g4 d5 13. e5 Nxg4 14. Qxg4 Qb6+ 15. Kh1 Nxc2 16. Nxd5 exd5 17. Qxd7 Qxb3 18. Rb1 Qb4 19. Qxd5 Qxa4 20. Qxb7 Bc5 21. Qe4 Nb4 22. f5 Rad8 23. f6 Rd4 24. Qf5 g6 25. Qg5 Re8 26. e6 Qc2 27. Qh6 Bf8 28. exf7+ Kxf7 29. Qxh7+ Ke6 30. Be3 1-0

[Event "Avoine op 19th"]
[Site "Avoine"]
[Date "2004.07.??"]
[Round "?"]
[White "Picart, Laurent"]
[Black "Chanoine, Guillaume"]
[Result "1/2-1/2"]
[WhiteElo "2033"]
[BlackElo "2210"]
[PlyCount "129"]
[EventDate "2004.07.??"]
[EventType "swiss"]
[EventRounds "9"]
[EventCountry "FRA"]
[SourceTitle "EXT 2005"]
[Source "ChessBase"]
[SourceDate "2004.11.15"]
[SourceVersion "1"]
[SourceVersionDate "2004.11.15"]
[SourceQuality "1"]

1. d4 Nf6 2. c4 c5 3. d5 b5 4. Nf3 d6 5. a4 bxc4 6. Nc3 g6 7. e4 Bg7 8. Bxc4 Nfd7 9. 0-0 0-0 10. Re1 Ba6 11. Qe2 Bxc4 12. Qxc4 Nb6 13. Qe2 N8d7 14. Bf4 Ne5 15. Nxe5 dxe5 16. Be3 Nd7 17. Rec1 Rb8 18. Nb5 Qa5 19. Rxc5 a6 20. Rc7 axb5 21. Rxd7 bxa4 22. Rxe7 Qb4 23. Ra7 Qxe4 24. R7xa4 Qxd5 25. b4 e4 26. R1a2 f5 27. g3 Be5 28. Ra5 Qe6 29. Rxe5 Qxe5 30. Bf4 Qb5 31. Bxb8 Qxe2 32. Rxe2 Rxb8 33. Rb2 Kf7 34. h4 h6 35. Kf1 g5 36. hxg5 hxg5 37. Ke2 Ke6 38. Kd2 Kd5 39. Ke3 Rb5 40. f3 exf3 41. Kxf3 Kc4 42. Rh2 Rb7 43. Rh5 Rg7 44. Rh8 Kd5 45. Re8 Rc7 46. Re3 Rc2 47. Rb3 Kc4 48. Rb1 Rc3+ 49. Kf2 Kb5 50. Rb2 Rc4 51. Kf3 Rxb4 52. Re2 Rb3+ 53. Kg2 Kc4 54. Re8 Rb5 55. Rg8 g4 56. Kf2 Kd4 57. Re8 Rb2+ 58. Kf1 Kd3 59. Re5 f4 60. gxf4 Kd4 61. Re8 Rb3 62. Kg2 Rf3 63. Rg8 Rxf4 64. Kg3 Rf1 65. Rxg4+ 1/2-1/2

[Event "Paris Apsap op 71st"]
[Site "Paris"]
[Date "2004.04.23"]
[Round "7"]
[White "Sohier, Julien"]
[Black "Chanoine, Guillaume"]
[Result "1-0"]
[WhiteElo "2080"]
[BlackElo "2211"]
[PlyCount "79"]
[EventDate "2004.04.19"]
[EventType "swiss"]
[EventRounds "7"]
[EventCountry "FRA"]
[SourceTitle "CBM 100 Extra"]
[Source "ChessBase"]
[SourceDate "2004.07.06"]
[SourceVersion "2"]
[SourceVersionDate "2004.07.06"]
[SourceQuality "1"]

1. e4 c5 2. Nf3 d6 3. d4 cxd4 4. Nxd4 Nf6 5. Nc3 Nc6 6. Be2 g6 7. 0-0 Bg7 8. Nb3 0-0 9. Bg5 Bd7 10. Kh1 Rc8 11. f4 a5 12. a4 Nb4 13. Bf3 Bc6 14. Qe2 Qb6 15. Rad1 Rfe8 16. e5 Bxf3 17. Rxf3 dxe5 18. fxe5 Ng4 19. Nd5 Qe6 20. Nxb4 axb4 21. Rf4 Nxe5 22. Re4 Qf5 23. Bf4 Nc6 24. g4 Qf6 25. Rd7 Qxb2 26. Rxb7 Qb1+ 27. Kg2 e6 28. Rc4 e5 29. Bd2 Bf8 30. Rxc6 Rxc6 31. Qf3 Re7 32. Rxe7 Bxe7 33. Qxc6 Qd1 34. Qe4 Bd8 35. Be1 h5 36. gxh5 Qxh5 37. Qf3 Qg5+ 38. Qg3 Qf5 39. Qd3 Qg4+ 40. Bg3 1-0

[Event "Syre Memorial op 26th"]
[Site "Issy les Moulineaux"]
[Date "2003.05.29"]
[Round "2.6"]
[White "Payen, Arnaud"]
[Black "Chanoine, Guillaume"]
[Result "1-0"]
[WhiteElo "2363"]
[BlackElo "2180"]
[PlyCount "85"]
[EventDate "2003.05.29"]
[EventType "swiss"]
[EventRounds "6"]
[EventCountry "FRA"]
[SourceTitle "CBM 094 Extra"]
[Source "ChessBase"]
[SourceDate "2003.07.09"]
[SourceVersion "2"]
[SourceVersionDate "2003.07.09"]
[SourceQuality "1"]

1. d4 d5 2. c4 Nc6 3. Nf3 Nf6 4. cxd5 Qxd5 5. Nc3 Qa5 6. e3 Bg4 7. Bb5 e6 8. h3 Bxf3 9. Qxf3 Qb6 10. Bd2 Be7 11. Rc1 0-0 12. Bxc6 bxc6 13. Na4 Qb5 14. Qxc6 Qf5 15. Nc5 Rab8 16. b3 Rbc8 17. 0-0 Kh8 18. e4 Qh5 19. Nd7 Rfd8 20. Nxf6 Bxf6 21. e5 Bxe5 22. dxe5 Rxd2 23. Qb7 Rcd8 24. Qxc7 h6 25. Qxa7 R2d7 26. Qe3 Rd3 27. Qe4 R3d4 28. Qf3 Qxe5 29. Qxf7 Rd2 30. Rce1 Re2 31. Rxe2 Qxe2 32. g3 Qxa2 33. Qxe6 Rb8 34. Rc1 Rf8 35. Qe3 Rb8 36. h4 Qa5 37. Qe6 Qa8 38. b4 Re8 39. Qc4 Qf3 40. b5 Re2 41. Qd4 Qf5 42. b6 Qb5 43. Rc7 1-0

[Event "FRA-chT2"]
[Site "France"]
[Date "2002.03.09"]
[Round "8"]
[White "Chanoine, Guillaume"]
[Black "Crut, Aurelien"]
[Result "0-1"]
[WhiteElo "2172"]
[BlackElo "2302"]
[PlyCount "50"]
[EventDate "2002.??.??"]
[EventType "team"]
[EventRounds "11"]
[EventCountry "FRA"]
[SourceTitle "EXT 2003"]
[Source "ChessBase"]
[SourceDate "2002.11.25"]
[SourceVersion "1"]
[SourceVersionDate "2002.11.25"]
[SourceQuality "1"]
[WhiteTeam "Bagneux"]
[BlackTeam "Bordeaux Echecs I"]
[WhiteTeamCountry "FRA"]
[BlackTeamCountry "FRA"]

1. e4 e6 2. d4 d5 3. e5 c5 4. c3 Nc6 5. Nf3 Bd7 6. Be2 Nge7 7. a3 cxd4 8. cxd4 Nf5 9. b4 Be7 10. 0-0 Qb6 11. Bb2 0-0 12. Qd2 f6 13. Rd1 fxe5 14. dxe5 Nh4 15. Qe1 Nxf3+ 16. Bxf3 a5 17. b5 Qxb5 18. Qd2 Bg5 19. Qc2 Rac8 20. Be2 Qb6 21. Bd3 Rxf2 22. Bd4 Rxc2 23. Bxb6 Rb2 24. Bf2 Nxe5 25. Bf1 Ng4 0-1

[Event "Paris-ch op"]
[Site "Paris"]
[Date "2001.07.26"]
[Round "6"]
[White "Valuet, Bertrand"]
[Black "Chanoine, Guillaume"]
[Result "1-0"]
[WhiteElo "2269"]
[BlackElo "2150"]
[PlyCount "57"]
[EventDate "2001.07.21"]
[EventType "swiss"]
[EventRounds "9"]
[EventCountry "FRA"]
[SourceTitle "CBM 083 Extra"]
[Source "ChessBase"]
[SourceDate "2001.09.11"]
[SourceVersion "1"]
[SourceVersionDate "2001.09.11"]
[SourceQuality "1"]

1. e4 c5 2. Nf3 d6 3. d4 cxd4 4. Nxd4 Nf6 5. Nc3 Nc6 6. Bc4 e6 7. Be3 Be7 8. Qe2 a6 9. Bb3 Qc7 10. 0-0-0 0-0 11. Rhg1 Nd7 12. g4 Nc5 13. Kb1 Bd7 14. g5 b5 15. Qh5 g6 16. Qh6 Rfc8 17. Rg3 Bf8 18. Qh4 Be7 19. Nde2 Nxb3 20. axb3 b4 21. Nf4 bxc3 22. Rh3 Kf8 23. Qxh7 Ke8 24. Qg8+ Bf8 25. Rh8 Ke7 26. Nxg6+ fxg6 27. Rh7+ Kd8 28. Qxf8+ Be8 29. Rxd6+ 1-0

[Event "Paris-ch op"]
[Site "Paris"]
[Date "2001.07.24"]
[Round "4"]
[White "Bogdanov, Emil"]
[Black "Chanoine, Guillaume"]
[Result "1/2-1/2"]
[WhiteElo "2260"]
[BlackElo "2150"]
[PlyCount "30"]
[EventDate "2001.07.21"]
[EventType "swiss"]
[EventRounds "9"]
[EventCountry "FRA"]
[SourceTitle "CBM 083 Extra"]
[Source "ChessBase"]
[SourceDate "2001.09.11"]
[SourceVersion "1"]
[SourceVersionDate "2001.09.11"]
[SourceQuality "1"]

1. c4 Nf6 2. g3 g6 3. Bg2 Bg7 4. Nc3 e5 5. e4 d6 6. Nge2 0-0 7. 0-0 c6 8. f4 Nbd7 9. f5 Qb6+ 10. Kh1 Ng4 11. Na4 Nf2+ 12. Kg1 Nh3+ 13. Kh1 Nf2+ 14. Kg1 Nh3+ 15. Kh1 Nf2+ 1/2-1/2

[Event "Bagneux 9th"]
[Site "Bagneux"]
[Date "2001.??.??"]
[Round "6"]
[White "Chanoine, Guillaume"]
[Black "Nikcevic, Nebojsa"]
[Result "0-1"]
[WhiteElo "2150"]
[BlackElo "2480"]
[PlyCount "84"]
[EventDate "2001.??.??"]
[EventType "tourn"]
[EventRounds "9"]
[EventCountry "FRA"]
[EventCategory "4"]
[SourceTitle "EXT 2003"]
[Source "ChessBase"]
[SourceDate "2002.11.25"]
[SourceVersion "1"]
[SourceVersionDate "2002.11.25"]
[SourceQuality "1"]

1. e4 c5 2. Nf3 g6 3. d4 Bg7 4. Nc3 cxd4 5. Nxd4 Nc6 6. Be3 Nf6 7. Bc4 0-0 8. 0-0 d6 9. h3 a6 10. a4 Qc7 11. Nxc6 bxc6 12. Bb3 Bb7 13. Qe2 e6 14. Rad1 d5 15. Bg5 Rfe8 16. Rfe1 Nxe4 17. Nxe4 dxe4 18. Qxe4 c5 19. Qd3 Bxb2 20. c3 c4 21. Bxc4 Qc6 22. f3 Rac8 23. Ba2 Qxc3 24. Qd6 Ba3 25. Qf4 Qc5+ 26. Kh1 Qf5 27. Qg3 Bc6 28. Bb1 Qa5 29. Rd3 Bf8 30. Rde3 Bxa4 31. Bf6 Bc2 32. Re5 Qb4 33. Rh5 Bg7 34. Rh4 Qd2 35. Rd4 Qa5 36. Bxg7 Kxg7 37. Rd7 Qb5 38. Bxc2 Qxd7 39. Qe5+ Kg8 40. Qe4 Qc7 41. Ba4 Red8 42. f4 Qc4 0-1